Produkčná medzera a konvergencia ekonomiky SR

Vývoj produkčnej medzery a jej možný vplyv na infláciu predstavuje jeden z kľúčových indikátorov pre posudzovanie plnenia Paktu stability a rastu. Navyše meranie produkčnej medzery na báze produkčných funkcií umožňuje kvantifikovať príspevok technického pokroku k rastu ekonomiky a súčasne aj potenci...

Descripción completa

Guardado en:
Detalles Bibliográficos
Autor principal: Ochotnický, Pavol
Otros Autores: Hofreiter, Miloš, 1982-
Formato: Capítulo de libro
Lenguaje:eslovaco
Materias:
Etiquetas: Agregar Etiqueta
Sin Etiquetas, Sea el primero en etiquetar este registro!

MARC

LEADER 00000nla$a2200000$$$4500
001 0107608
005 20240502072203.8
041 0 |a slo 
044 |a SK 
245 1 0 |a Produkčná medzera a konvergencia ekonomiky SR  |c Pavol Ochotnický, Miloš Hofreiter 
520 |a Vývoj produkčnej medzery a jej možný vplyv na infláciu predstavuje jeden z kľúčových indikátorov pre posudzovanie plnenia Paktu stability a rastu. Navyše meranie produkčnej medzery na báze produkčných funkcií umožňuje kvantifikovať príspevok technického pokroku k rastu ekonomiky a súčasne aj potenciálne možnosti konvergencie ekonomiky v rámci EÚ. Príspevok poskytuje alternatívny postup odhadu produkčnej medzery, ktorý sa opiera o aplikáciu tzv. „translog“ produkčnej funkcie. Na báze ekonometrického odhadu translog produkčnej funkcie a prístupu neakcelerujúceho infláciu príspevok kvantifikuje potenciálny output a vývoj produkčnej medzery SR. 
610 2 0 |a hospodárstvo národné 
610 2 0 |a konvergencia 
610 2 0 |a Slovensko 
610 2 0 |a Európska únia 
610 2 0 |a funkcie produkčné 
610 2 0 |a funkcia Cobb-Douglasova 
610 2 0 |a inflácia 
610 2 0 |a produkt potenciálny 
100 1 |a Ochotnický, Pavol 
700 1 |a Hofreiter, Miloš, 1982-